Most Populated U.S. Cities by Year - 2010 - Statistics

General Stats
  • This quiz has been taken 100 times
  • The average score is 19 of 20
Answer Stats
Population State Answer % Correct
2,696,000 Illinois Chicago
100%
3,793,000 California Los Angeles
100%
1,198,000 Texas Dallas
99%
2,099,000 Texas Houston
99%
8,175,000 New York New York City
99%
1,526,000 Pennsylvania Philadelphia
99%
1,446,000 Arizona Phoenix
99%
790,000 Texas Austin
95%
805,000 California San Francisco
95%
714,000 Michigan Detroit
94%
1,327,000 Texas San Antonio
94%
1,307,000 California San Diego
94%
820,000 Indiana Indianapolis
93%
822,000 Florida Jacksonville
93%
787,000 Ohio Columbus
91%
946,000 California San Jose
89%
647,000 Tennessee Memphis
87%
731,000 North Carolina Charlotte
86%
649,000 Texas El Paso
86%
741,000 Texas Fort Worth
81%
No matching quizzes found
Score Distribution
Percent of People with Each Score
Percentile by Number Answered
Your Score History
You have not taken this quiz